مكتبة جامعة عجلون الوطنية

فهرس بحث المكتبة

Normal view MARC view
  • الفقه الاسلامي -النذور

Entry Topical Term

Number of records used in: 1

001 - CONTROL NUMBER

  • control field: 57850

003 - CONTROL NUMBER IDENTIFIER

  • control field: JO-AjAnu

005 - DATE AND TIME OF LATEST TRANSACTION

  • control field: 20230606083454.0

008 - FIXED-LENGTH DATA ELEMENTS

  • fixed length control field: 230606|| aca||aabn | a|a d

040 ## - CATALOGING SOURCE

  • Original cataloging agency: JO-AjAnu
  • Transcribing agency: JO-AjAnu

150 ## - HEADING--TOPICAL TERM

  • Topical term or geographic name entry element: الفقه الاسلامي -النذور

670 ## - SOURCE DATA FOUND

  • Source citation: Work cat.: (JO-AjAnu)29516: اعداد العليمات، ماجد حامد محمد؛ اشراف احمد مصطفى القضاة, author 57849, الواقعات للامام عمر بن عبدالعزيز بن مازه المعروف بالصدر الشهيد البخاري من بداية الكتاب الى كتاب الايمان والنذور "دراسة وتحقيق"=For imam omar Ben maza known "as Alshadr Alwaqeat" "Alshsheed AlBukhari from the beginning of the book until Aleman W alnothoor" Book "An investinning and a study"